| 000 | 01394nam a2200397 i 4500 | ||
|---|---|---|---|
| 001 | DIGDYK3884 | ||
| 003 | NyNyDIG | ||
| 007 | cr ||||||||||| | ||
| 008 | 250312s2024 sp a ob 000 0 spa d | ||
| 006 | m o d | ||
| 035 | _a(OCoLC)1496393501 | ||
| 040 |
_aDGITA _beng _erda _epn _cDGITA |
||
| 020 |
_a9788410707856 _qeBook |
||
| 050 | 1 | 4 | _aLB7 ebook |
| 245 | 0 | 0 |
_aEducar para la felicidad / _cAntonio Salvador Jiménez Hernández [and 4 others] (coordinadores). |
| 264 | 1 |
_aMadrid : _bDykinson, _c[2024] |
|
| 300 |
_a1 online resource : _billustrations. |
||
| 336 |
_atext _btxt _2rdacontent |
||
| 337 |
_acomputer _bc _2rdamedia |
||
| 338 |
_aonline resource _bcr _2rdacarrier |
||
| 347 |
_atext file _2rdaft |
||
| 347 | _bPDF | ||
| 490 | 1 | _aDykinson eBook | |
| 504 | _aIncludes bibliographical references. | ||
| 588 | 0 | _aOnline resource; title from PDF title page (Digitalia, viewed March 12, 2025) | |
| 650 | 0 |
_aEducation _xResearch. |
|
| 650 | 0 |
_aEducation _xStudy and teaching. |
|
| 650 | 0 | _aEducational innovations. | |
| 700 | 1 |
_aJiménez Hernández, Antonio Salvador, _eeditor. |
|
| 791 | 2 |
_aDigitalia (Firm), _edistributor. |
|
| 793 | 0 |
_gDigitalia eBook Collection: _aDykinson Editorial |
|
| 830 | 0 | _aDykinson eBook. | |
| 856 | 4 | 0 |
_3Digitalia Hispánica _uhttps://www.digitaliapublishing.com/a/170748/ |
| 910 | _aPremium collection: 2025 | ||
| 942 | _cRAA | ||
| 999 |
_c290613 _d290613 |
||